The Dwarf The GIrl and The Holy Goat: (Record no. 187553)

MARC details
000 -LEADER
fixed length control field 00553nam a22001817a 4500
005 - DATE AND TIME OF LATEST TRANSACTION
control field 20220422151913.0
010 ## - LCCN (DPL NO)
LC control number ENG-132357
020 ## - INTERNATIONAL STANDARD BOOK NUMBER
International Standard Book Number 9789351952411
Terms of availability 299.00
035 ## - SYSTEM CONTROL NUMBER
System control number EN-115889
037 ## - SOURCE OF ACQUISITION
Source of stock number/acquisition DBAD/PUB
082 ## - DEWEY DECIMAL CLASSIFICATION NUMBER
Classification number S
Item number 1
100 ## - MAIN ENTRY--PERSONAL NAME
Personal name Paldano , Cordis
245 ## - TITLE STATEMENT
Title The Dwarf The GIrl and The Holy Goat:
Statement of responsibility, etc Cardis Paldano
260 ## - PUBLICATION, DISTRIBUTION, ETC. (IMPRINT)
Place of publication, distribution, etc Gurugram
Name of publisher, distributor, etc Hachette Book Publishing PVT.LTD.
Date of publication, distribution, etc 2018
270 ## - ADDRESS
Address 4th & 5th Floors , Corporate Center plot no. 94 ,Sector 44
City Gurugram
Postal code 122003
300 ## - PHYSICAL DESCRIPTION
Extent 159p.
Dimensions 20cm(pbk)
942 ## - ADDED ENTRY ELEMENTS (KOHA)
Source of classification or shelving scheme Dewey Decimal Classification
Item type English Books
Classification part S
Call number suffix PAL
Holdings
Withdrawn status Lost status Not for loan Home library Current library Date acquired Source of acquisition Cost, normal purchase price Full call number Barcode Copy number Cost, replacement price Koha item type
    Not For Loan D.B.Act.Division D.B.Act.Division 22/04/2022 DBAD/PUB 299.00 S PAL EN-115889 1 299.00 English Books

© Delhi Public Library
Hit Counter
free hit counter